Take charge! : A "How-to" approach for solving everday problems

Bibliographic Details
Main Author: Bannon, Joseph J
Format: Book
Published: Singapore : SSMB , 1992
Subjects:

MARC

LEADER 00000cam a2200000 7i4500
001 0000004611
002 000004973
005 20000330.0
020 |a 9971981920 
090 0 0 |a 658.403   |b BAN 
100 1 |a Bannon, Joseph J 
245 1 0 |a Take charge! :   |b A "How-to" approach for solving everday problems   |c Joseph J.Bannon 
260 |a Singapore :   |b SSMB ,   |c 1992 
300 |a 156p. ;   |c 21cm. 
650 0 0 |a Problem solving 
999 |a 037414   |b BUKU   |c PINJAMAN   |e PERPUSTAKAAN KOMUNITI PETALING JAYA